000 00669nam a2200193 4500
001 115860
003 ES-MaACL
005 20251014063149.0
007 t|
008 061121s1947 sp r ||||1| spa d
100 1 _aOrs, Álvaro d',
_d1915-2004
_9139081
245 1 0 _aTres temas de la guerra antigua /
_cAlvaro d'Ors.
260 _aMadrid :
_bConsejo Superior de Investigaciones Científicas,
_c1947.
300 _a65 p. ;
_c25 cm.
500 _aPublicado en la Revista Arbor nº 20. Marzo-Abril 1947.
710 2 _aConsejo Superior de Investigaciones Científicas (España)
_93236
852 _aES-MaACL
_j1879-F-20
_bR.25538
999 _c115860
_d115860